| 000 | 00737nam a22002177a 4500 | ||
|---|---|---|---|
| 003 | EG-ScBUE | ||
| 005 | 20221116041715.0 | ||
| 008 | 100727s1991 ua f 000 0 ara d | ||
| 017 | _a1991 / 2217 | ||
| 020 | _a9771106430 | ||
| 040 |
_aEG-ScBUE _bara _erda _cEG-ScBUE _dEG-ScBUE |
||
| 082 | 0 | 4 |
_222 _a780.4 _bز ك ر |
| 100 | 1 |
_aزكريا، فؤاد، _d1927-2010، _eمؤلف. |
|
| 245 | 1 | 0 |
_aمع الموسيقى : _bذكريات ودراسات / _cبقلم دكتور فؤاد زكريا. |
| 264 | 1 |
_aالقاهرة : _bمكتبة مصر، _c[1991] |
|
| 300 |
_a163 صفحة ؛ _c24 سم |
||
| 650 | 7 |
_922270 _aالموسيقى _vمقالات ومحاضرات. _2BUEsh |
|
| 653 | _bART | ||
| 655 | _vReading book | ||
| 942 |
_2ddc _cBB |
||
| 999 |
_c14566 _d14566 |
||